La sismologie terrestre (Record no. 160728)

MARC details
000 -LEADER
campo de control de longitud fija 00933nam a22002055i 4500
001 - NÚMERO DE CONTROL
campo de control 160728
003 - IDENTIFICADOR DE NÚMERO DE CONTROL
campo de control ES-MaACL
005 - FECHA Y HORA DE LA ÚLTIMA TRANSACCIÓN
campo de control 20230906212121.0
008 - DATOS DE LONGITUD FIJA--INFORMACIÓN GENERAL
campo de control de longitud fija 041008s1888 fr |||| | fre d
040 ## - FUENTE DE CATALOGACIÓN
Centro catalogador/agencia de origen CAM
Lengua de catalogación spa
Centro/agencia transcriptor CAM
100 1# - ENTRADA PRINCIPAL--NOMBRE DE PERSONA
Nombre de persona Noguès, Alphonse-François.
9 (RLIN) 130513
245 13 - MENCIÓN DEL TÍTULO
Título La sismologie terrestre
Resto del título : leçon d'ouverture du cours libre de sismologie de la Faculté des Sciences de Paris /
Mención de responsabilidad, etc. par A.-F. Noguès.
260 ## - PUBLICACIÓN, DISTRIBUCIÓN, ETC.
Lugar de publicación, distribución, etc. Paris :
Nombre del editor, distribuidor, etc. Administration des Deux Revues,
Fecha de publicación, distribución, etc. 1888 (
Fabricante Maison Quantin)
300 ## - DESCRIPCIÓN FÍSICA
Extensión 17 p. ;
Dimensiones 23 cm.
500 ## - NOTA GENERAL
Nota general Extrait de la Revue Scientifique.
594 ## - Nota al título y mención de responsabilidad
Nota al título y mención de responsabilidad Todos los datos tomados de la cub. original.
596 ## - NOTA AL PIE DE IMPRENTA
NOTA AL PIE DE IMPRENTA Imp. tomado de colofón.
650 #4 - PUNTO DE ACCESO ADICIONAL DE MATERIA--TÉRMINO DE MATERIA
Término de materia o nombre geográfico como elemento de entrada Sismología.
9 (RLIN) 136881
852 ## - LOCALIZACIÓN
Ubicación ES-MaACL
Número de control de estantería T-1106-F-4
Nota libre -- Enc. hol. conservando la cub. original
-- -- Legado de Federico de Botella y de Hornos
-- -- Dedicatoria ms. del autor a Federico de Botella
-- -- Enc. en un vol. facticio
Holdings
Estatus retirado Estado de pérdida Estado de daño No para préstamo Colección Biblioteca de origen Biblioteca actual Ubicación en estantería Fecha de adquisición Total de préstamos Signatura topográfica completa Código de barras Visto por última vez Precio de reemplazo Tipo de ítem Koha
        Colección de folletos Biblioteca del Ateneo de Madrid Biblioteca del Ateneo de Madrid Depósito folletos 17/01/2008   T-1106-F-4 1168310 23/02/2023 23/02/2023 Folleto